MS-DOS 6 snadno a rychle /

Enregistré dans:
Détails bibliographiques
Auteur principal: Kořínek, Martin (Auteur)
Format: Livre
Langue:tchèque
Publié: Praha : Grada, 1993
Sujets:
Tags: Ajouter un tag
Pas de tags, Soyez le premier à ajouter un tag!

MARC

LEADER 00000nam a22000003a 4500
001 stu41580
005 20150617225722.5
008 940103s1993----cs------------------cze-d
020 |a 80-85623-50-1 
040 |a STU  |b slo 
041 0 |a cze 
044 |a cs 
080 |a 681.3.066 
100 1 |a Kořínek, Martin  |4 aut 
245 1 |a MS-DOS 6 snadno a rychle /  |c [aut.]Martin Kořínek 
260 |a Praha :  |b Grada,  |c 1993 
300 |a 218 s 
650 7 |a Systémy operačné  |2 stusub 
650 7 |a MS-DOS 6  |2 stusub 
996 |b 284M039794  |c M*8387-1  |l MMKN  |s A  |a 24  |w stu41580_0001 
996 |b 284M082017  |c M*8387-3  |l MMKN  |s A  |a 24  |w stu41580_0002